Housing Development: Theory, Process and Practice (Record no. 13563)
[ view plain ]
| 000 -LEADER | |
|---|---|
| fixed length control field | 00233 a2200085 4500 |
| 020 ## - INTERNATIONAL STANDARD BOOK NUMBER | |
| International Standard Book Number | 978-0415234337 |
| 100 ## - MAIN ENTRY--PERSONAL NAME | |
| Personal name | Andrew Golland and , Ron Blake |
| 245 ## - TITLE STATEMENT | |
| Title | Housing Development: Theory, Process and Practice |
| 260 ## - PUBLICATION, DISTRIBUTION, ETC. | |
| Name of publisher, distributor, etc. | Routledge |
| Date of publication, distribution, etc. | 2003 |
| Withdrawn status | Lost status | Source of classification or shelving scheme | Damaged status | Not for loan | Permanent Location | Current Location | Date acquired | Source of acquisition | Cost, normal purchase price | Barcode | Date last seen | Cost, replacement price | Price effective from | Koha item type |
|---|---|---|---|---|---|---|---|---|---|---|---|---|---|---|
| BMS College of Architecture, Design and Planning | BMS College of Architecture, Design and Planning | 2025-09-10 | 10 | 2933.68 | AR-UG4378 | 2025-09-10 | 4190.97 | 2025-09-10 | UG Books |